00226nam a22000977a 4500020001500000040000800015082002600023100002500049245002800074260002600102 a0021787247 crua a372 MAC 1991 C187 Or. a Arnold, Virginia A. aConnection: Blueprints. aphnom penhbruac1991